Liedtext - Applaus, Applaus - Sportfreunde Stiller - Statistiken

Allgemein
  • Dieses Quiz wurde 1.762 mal gespielt
  • Das Durchschnittsergebnis liegt bei 137 aus 174
Antwortstatistiken
Textquiz % Korrekt
Applaus
98%
deine
98%
du
97%
Du
97%
Für
97%
auf
95%
mein
93%
Mein
93%
Worte
93%
Herz
92%
Wenn
92%
geht
91%
lachst
91%
Ich
90%
ich
90%
zu
85%
mich
84%
Art
83%
mir
82%
begeistern
80%
damit
80%
Hör
80%
niemals
80%
so
79%
hörst
77%
sehr
76%
wünsch'
76%
die
75%
Und
74%
und
74%
sie
70%
in
68%
meine
68%
Hand
67%
wieder
65%
eine
64%
Ist
63%
legst
63%
Legst
63%
mit
63%
Machst
61%
Durch
60%
Faust
59%
den
57%
dem
55%
Weise
55%
Kopf
54%
Wand
54%
Hammer
53%
Will
53%
Kompass
52%
all
51%
Als
51%
mal
51%
Erde
50%
Helm
50%
rund
50%
Scheibe
50%
Was
50%
Bedacht
48%
ob
48%
wär'n
47%
Lärm
45%
Zeigst
45%
heißt
43%
Sätze
43%
flüsterst
42%
Sextant
40%
Weitsicht
39%
leise
34%
Keine übereinstimmenden Quizze gefunden
Verteilung der Resultate
Anzahl Personen mit jedem Resultat
Perzentil nach korrekt beantworteten Fragen
Ihre Resultats-Entwicklung
Sie haben dieses Quiz noch nicht gespielt